000 00266nam a22001217a 4500
008 170216b xxu||||| |||| 00| 0 eng d
041 _aeng
080 _27TH
_a615
100 _a5
101 _aSHF
245 _aCRITICAL AND URGENT CARE
_cCHANT, R.M
942 _2udc
_cBK
999 _c5731
_d5731